000 00499cam a2200193ua 4500
001 3738
005 20260515113725.0
008 111129n ii |||gr||||Z||||||asm
040 _cMAIN
082 _a891.4514
100 1 _aNath, Prafulla Kumar,
_eAuthor.
245 1 1 _aAsamiya sahityar suravi
_cby Prafulla Kumar Nath
250 _a1st.
260 _aDibrugarh:
_bStudents emporium.
300 _a240p:
_c23cm.
653 _aAssamese literature
653 _aAsamiya sahityar suravi
942 _cBK
999 _c3562
_d3562